| 000 | 00460nam a22001577a 4500 | ||
|---|---|---|---|
| 003 | OSt | ||
| 005 | 20150906104559.0 | ||
| 008 | 150906b xxu||||| |||| 00| 0 eng d | ||
| 040 | _cRUA | ||
| 082 | _aAGR គុយ 1989 B001 Or.1 | ||
| 100 |
_987 _aគុយ ហួត |
||
| 245 | _aឥទ្ធិពលចំនួនដើមលើទិន្នផលរបស់ពោត | ||
| 260 |
_aPhnom Penh _bRUA _c1989 |
||
| 300 |
_a88p. _bill. _c29cm. |
||
| 942 |
_2ddc _cAGR |
||
| 999 |
_c82 _d82 |
||